| 000 | 00600nam a2200193Ia 4500 | ||
|---|---|---|---|
| 003 | OSt | ||
| 005 | 20240813163239.0 | ||
| 008 | 210210b1990 xxu||||| |||| 00| 0 eng d | ||
| 040 |
_aAL _c |
||
| 041 | _aKannada | ||
| 082 | _aK894.109 SHRB | ||
| 100 |
_aSHRIKANTHAYYA (T Nam). _931831 _dಶ್ರೀಕಂಠಯ್ಯ (ತಿ ನಂ) |
||
| 245 |
_aBharatiya kavyamimamse _b ಭಾರತೀಯ ಕಾವ್ಯ ಮೀಮಾಂಸೆ |
||
| 260 |
_aMaisuru _bPrasaranga Vishvavidyanilaya _c1990 |
||
| 300 | _axvi,409 | ||
| 690 |
_aKannada Poetry Criticism _931834 |
||
| 906 | _a045648 | ||
| 942 |
_2ddc _cBK |
||
| 999 |
_c95264 _d95264 |
||